Wiersze polskie /

Hlavní autor: Rybiński, Jan, asi 1565-1621
Další autoři: Nowak, Zbigniew, Świderska, Anna
Jazyk: Polština
Vydáno: Gdańsk : Państwowe Wydawnictwo Naukowe, 1968
Vydání: 1. wyd.
Edice: Seria źródeł historycznych
Fyzický popis: 98, 142 s.
Language note: Anglické, francouzské, německé a ruské resumé
Knihy
Uloženo v:
LEADER 00940nam a22002772a 4500
001 001320416
003 CZ BrMZK
005 20150625075432.0
007 ta
008 130825s1968 pl er|||||||||||pol d
040 |a BOA001  |b cze 
041 0 |a pol  |b eng  |b fre  |b ger  |b rus 
100 1 |a Rybiński, Jan,  |d asi 1565-1621  |7 mzk2015876815  |4 aut 
245 1 0 |a Wiersze polskie /  |c Jan Rybiński ; opracowali Zbigniew Nowak i Anna Świderska 
250 |a 1. wyd. 
260 |a Gdańsk :  |b Państwowe Wydawnictwo Naukowe,  |c 1968 
300 |a 98, 142 s. 
490 1 |a Seria źródeł historycznych ;  |v Nr. 4 
546 |a Anglické, francouzské, německé a ruské resumé 
700 1 |a Nowak, Zbigniew  |4 com 
700 1 |a Świderska, Anna  |7 mzk2015876817  |4 com 
830 0 |a Seria źródeł historycznych 
910 |a BOA001  |b 2-0605.187 
990 |a BK 
991 |b 201308 
996 7 |b 2619007127  |c 2-0605.187  |l HP2  |r DEN  |n 0  |w 001355453  |u 000010  |a 1  |e BOA001  |j MZK50  |s A